[Event "OL-NORD WEST 1617 Bremer SG - Nordhorn"]
[Site "?"]
[Date "2016.10.16"]
[Round "1.5"]
[White "Baisakow, Alexander"]
[Black "Juhnke, Karl"]
[Result "1/2-1/2"]
[WhiteElo "2156"]
[BlackElo "2170"]
[PlyCount "100"]
[EventDate "2016.??.??"]

1. e4 c5 2. Nf3 d6 3. d4 cxd4 4. Nxd4 Nf6 5. Nc3 a6 6. Bg5 e6 7. f4 h6 8. Bh4
Be7 9. Qf3 Qc7 10. O-O-O Nbd7 11. Bd3 g5 12. fxg5 Ne5 13. Qe2 Nfg4 14. Kb1 hxg5
15. Bg3 Bd7 16. h3 Nf6 17. Nf3 Nxf3 18. gxf3 Nh5 19. Bh2 Bc6 20. Qe3 O-O-O 21.
Ne2 Rdf8 22. c4 Qa5 23. Bc2 e5 24. Bg1 Nf4 25. Nxf4 exf4 26. Qb3 b5 27. Bd4 f6
28. cxb5 Qxb5 29. Qe6+ Kd8 30. Bc3 Bd7 31. Rxd6 Bxd6 32. Qxd6 Qc6 33. Qb8+ Ke7
34. Bb4+ Kf7 35. Bb3+ Kg7 36. Bxf8+ Rxf8 37. Qa7 Rc8 38. h4 Rc7 39. Qg1 g4 40.
fxg4 Qxe4+ 41. Ka1 f3 42. g5 Qf4 43. gxf6+ Kxf6 44. Qb6+ Ke7 45. Re1+ Kf8 46.
Qg1 Bg4 47. Rf1 Ke7 48. Re1+ Kf8 49. Rf1 Ke7 50. Re1+ Kf8 1/2-1/2

[Event "OL-NORD WEST 1617 Bremer SG - Nordhorn"]
[Site "?"]
[Date "2016.10.16"]
[Round "1.6"]
[White "Giel, Olaf"]
[Black "Bierenbroodspot, Paul"]
[Result "1-0"]
[WhiteElo "2134"]
[BlackElo "2092"]
[PlyCount "55"]
[EventDate "2016.??.??"]

1. d4 d5 2. Nf3 c6 3. c3 Bg4 4. Ne5 Bh5 5. Bf4 f6 6. Nd3 e6 7. Qb3 b6 8. Nd2
Bd6 9. e4 Bxf4 10. Nxf4 Bf7 11. exd5 exd5 12. Bd3 Qd6 13. g3 Ne7 14. O-O Nd7
15. Rfe1 g5 16. Ng2 c5 17. Ne3 O-O 18. Bf5 Rfe8 19. Qa4 Nf8 20. Rad1 Ne6 21.
dxc5 bxc5 22. Ne4 Qe5 23. Ng4 Qxf5 24. Nh6+ Kg7 25. Nxf5+ Nxf5 26. Rxd5 Ned4
27. cxd4 Bxd5 28. Qd7+ 1-0

[Event "OL-NORD WEST 1617 Bremer SG - Nordhorn"]
[Site "?"]
[Date "2016.10.16"]
[Round "1.7"]
[White "Hoellmann, Ludger"]
[Black "Peters, Frank"]
[Result "1/2-1/2"]
[WhiteElo "2035"]
[BlackElo "2117"]
[PlyCount "140"]
[EventDate "2016.??.??"]

1. d4 g6 2. c4 Bg7 3. Nc3 d6 4. e4 e5 5. Be3 exd4 6. Bxd4 Nf6 7. Be2 Nc6 8. Be3
O-O 9. Nf3 Re8 10. Nd2 Ne5 11. h3 Ned7 12. O-O Nc5 13. Qc2 a5 14. Rfe1 Bd7 15.
Rad1 Bc6 16. f3 Nfd7 17. Nf1 Qf6 18. Bd4 Qg5 19. Be3 Qf6 20. Qd2 Na4 21. Nxa4
Bxa4 22. b3 Bc6 23. Bh6 Qc3 24. Bxg7 Qxd2 25. Rxd2 Kxg7 26. Kf2 Nc5 27. Bd3 Ra6
28. Ne3 Rb6 29. Rb1 Rb4 30. Nc2 Rb6 31. Nd4 Rb4 32. a3 Rb6 33. Bc2 Bd7 34. b4
axb4 35. axb4 Ne6 36. Ne2 Ra6 37. c5 Bc8 38. b5 Ra2 39. cxd6 Rd8 40. e5 cxd6
41. exd6 Nc5 42. Nc1 Ra3 43. Rb4 Rc3 44. Rbd4 Bd7 45. Ne2 Ra3 46. Rd5 b6 47.
Nd4 Be6 48. Nxe6+ fxe6 49. R5d4 Ra5 50. Rb4 Nb7 51. d7 Nc5 52. Bb3 Ra7 53. Bc4
Raxd7 54. Rxd7+ Rxd7 55. Rb2 Rd4 56. Be2 e5 57. Ra2 h6 58. Ra7+ Rd7 59. Ra8 Kf6
60. Rf8+ Kg7 61. Rb8 Rd6 62. Ke3 Kf6 63. Bc4 Nd7 64. Rg8 Nc5 65. Rf8+ Ke7 66.
Rf7+ Ke8 67. Rg7 Kf8 68. Rf7+ Ke8 69. Rg7 Kf8 70. Rf7+ Ke8 1/2-1/2

[Event "OL-NORD WEST 1617 Bremer SG - Nordhorn"]
[Site "?"]
[Date "2016.10.16"]
[Round "1.8"]
[White "Rust-Lux, Klaus"]
[Black "Stotyn, Fabian"]
[Result "0-1"]
[WhiteElo "2059"]
[BlackElo "2187"]
[PlyCount "80"]
[EventDate "2016.??.??"]

1. d4 Nf6 2. c4 c5 3. d5 b5 4. cxb5 a6 5. bxa6 Bxa6 6. Nc3 g6 7. e4 Bxf1 8.
Kxf1 d6 9. g3 Bg7 10. Kg2 O-O 11. Nf3 Nbd7 12. h3 Qa5 13. Re1 Rfb8 14. Re2 Ne8
15. Rc2 Nc7 16. Qe2 Nb5 17. Nxb5 Qxb5 18. Qxb5 Rxb5 19. Nd2 Ra4 20. a3 Nb6 21.
Ra2 c4 22. Nb1 c3 23. f3 cxb2 24. Bxb2 Nc4 25. Nc3 Bxc3 26. Rxc3 Rxb2+ 27. Rxb2
Nxb2 28. g4 Nc4 29. g5 Kg7 30. Rb3 f6 31. h4 Rxa3 32. Rb7 Kf7 33. Rb8 fxg5 34.
hxg5 Nd2 35. Rh8 Nxf3 36. Rxh7+ Ke8 37. Kf2 Nxg5 38. Rh4 Ra4 39. Rg4 Nxe4+ 40.
Ke3 Nc3 0-1

[Event "OL-NORD WEST 1617 Union Oldenburg - Han"]
[Site "?"]
[Date "2016.10.16"]
[Round "1.1"]
[White "Izrailev, Alexander"]
[Black "Bredemeier, Dirk"]
[Result "0-1"]
[WhiteElo "2273"]
[BlackElo "2287"]
[PlyCount "96"]
[EventDate "2016.??.??"]

1. e4 c5 2. Nf3 e6 3. d4 cxd4 4. Nxd4 Nc6 5. Nc3 Qc7 6. Be3 a6 7. Qd2 Nf6 8. f3
Be7 9. g4 b5 10. g5 Nh5 11. Nce2 Nxd4 12. Nxd4 Bb7 13. Be2 g6 14. O-O-O O-O 15.
Kb1 e5 16. Nb3 d5 17. Qa5 Qc8 18. exd5 Rd8 19. a4 Bxd5 20. axb5 Bxb3 21. cxb3
Qf5+ 22. Ka2 axb5 23. Rxd8+ Rxd8 24. Rd1 Rxd1 25. Bxd1 b4 26. Be2 Nf4 27. Bc4
Qxg5 28. Bc5 e4 29. Qa8+ Kg7 30. Bd4+ Bf6 31. Bxf6+ Qxf6 32. Qxe4 h5 33. Qb7
Ne6 34. Bxe6 Qxe6 35. Qxb4 g5 36. Qc4 Qxc4 37. bxc4 f5 38. b4 Kf6 39. b5 Ke7
40. Kb3 g4 41. fxg4 fxg4 42. b6 Kd8 43. Kb4 h4 44. Kc5 Kc8 45. Kd6 g3 46. hxg3
hxg3 47. c5 g2 48. b7+ Kxb7 0-1

[Event "OL-NORD WEST 1617 Union Oldenburg - Han"]
[Site "?"]
[Date "2016.10.16"]
[Round "1.2"]
[White "Meessen, Max"]
[Black "Bangiev, Alexander"]
[Result "1/2-1/2"]
[WhiteElo "2231"]
[BlackElo "2390"]
[PlyCount "67"]
[EventDate "2016.??.??"]

1. d4 e6 2. c4 f5 3. g3 Nf6 4. Bg2 d5 5. Nf3 Be7 6. O-O O-O 7. b3 c6 8. Bb2 Qe8
9. Nbd2 Qh5 10. Ne5 Nbd7 11. e3 Qh6 12. Qe2 Nxe5 13. dxe5 Ne4 14. Rac1 Bd7 15.
f3 Nxd2 16. Qxd2 Rfd8 17. cxd5 exd5 18. f4 Be6 19. Bd4 Bf7 20. Qc2 c5 21. Bxc5
Rdc8 22. b4 b6 23. Bxe7 Rxc2 24. Rxc2 Qe6 25. Bd6 Qe8 26. Rfc1 h6 27. Rc7 Qb5
28. Re7 Qe2 29. Rcc7 Qxe3+ 30. Kf1 Qd3+ 31. Kf2 Qd2+ 32. Kf1 Qd1+ 33. Kf2 Qd2+
34. Kf1 1/2-1/2

[Event "OL-NORD WEST 1617 Union Oldenburg - Han"]
[Site "?"]
[Date "2016.10.16"]
[Round "1.3"]
[White "Piepho, Niels"]
[Black "Mueer, Sebastian"]
[Result "1-0"]
[WhiteElo "2235"]
[BlackElo "2289"]
[PlyCount "105"]
[EventDate "2016.??.??"]

1. Nf3 c5 2. g3 Nc6 3. Bg2 g6 4. e4 Bg7 5. Nc3 d6 6. O-O e5 7. d3 Nge7 8. Be3
O-O 9. Qd2 Nd4 10. Nh4 Be6 11. Nd5 Nxd5 12. exd5 Bg4 13. c3 Nf5 14. Nxf5 Bxf5
15. f4 Qd7 16. fxe5 Bxe5 17. d4 cxd4 18. Bxd4 Rfe8 19. Rfe1 Bxd4+ 20. Qxd4 Re7
21. Kf2 Rae8 22. Bf3 Bh3 23. Qh4 Qb5 24. Rxe7 Qb6+ 25. Ke1 Rxe7+ 26. Qxe7 Qg1+
27. Kd2 Qxa1 28. Qxb7 Qxa2 29. Qb8+ Kg7 30. Qb4 Kg8 31. Qb8+ Kg7 32. Qb4 a5 33.
Qd4+ Kg8 34. c4 a4 35. Qc3 Bf1 36. Be2 Bxe2 37. Kxe2 Qb1 38. Kd2 Qe4 39. Qd3
Qxd3+ 40. Kxd3 f5 41. c5 dxc5 42. Kc4 Kf7 43. Kxc5 Ke7 44. Kc6 Kd8 45. Kd6 g5
46. Ke5 Kd7 47. Kxf5 Kd6 48. Ke4 g4 49. Kd4 h5 50. Kc4 Kd7 51. Kb4 Kd6 52. Kxa4
Kxd5 53. b4 1-0

[Event "OL-NORD WEST 1617 Union Oldenburg - Han"]
[Site "?"]
[Date "2016.10.16"]
[Round "1.4"]
[White "Wittje, Berthold"]
[Black "Lick, Patrick"]
[Result "1/2-1/2"]
[WhiteElo "2228"]
[BlackElo "2202"]
[PlyCount "87"]
[EventDate "2016.??.??"]

1. Nf3 Nf6 2. c4 e6 3. g3 d5 4. Bg2 Be7 5. O-O O-O 6. b3 c6 7. Bb2 Nbd7 8. d3
a5 9. Qc2 Re8 10. Nc3 Bf8 11. Rac1 Nc5 12. Rfd1 d4 13. Ne4 e5 14. Nxf6+ Qxf6
15. e3 Bg4 16. exd4 Bxf3 17. Bxf3 Qxf3 18. dxc5 Bxc5 19. Re1 f6 20. Bc3 Red8
21. Rcd1 Bd4 22. Bxd4 Rxd4 23. Qe2 Qf5 24. Rd2 Rad8 25. Red1 Qd7 26. f3 h5 27.
f4 e4 28. Qxh5 Rxd3 29. Rxd3 exd3 30. Rd2 Qd4+ 31. Kf1 a4 32. Qf3 axb3 33. axb3
Qc3 34. Qd1 b5 35. cxb5 cxb5 36. Kf2 b4 37. Ke3 Qd4+ 38. Kf3 f5 39. Kg2 Qd5+
40. Kf2 Qd4+ 41. Kg2 Qe3 42. Kf1 Qe4 43. Kf2 Qd4+ 44. Kg2 1/2-1/2

[Event "OL-NORD WEST 1617 Union Oldenburg - Han"]
[Site "?"]
[Date "2016.10.16"]
[Round "1.5"]
[White "Helmer, Christoph"]
[Black "Heinemann, Ernst"]
[Result "1-0"]
[WhiteElo "2127"]
[BlackElo "2152"]
[PlyCount "109"]
[EventDate "2016.??.??"]

1. e4 c6 2. d4 d5 3. e5 c5 4. dxc5 e6 5. a3 Qc7 6. Nf3 Bxc5 7. b4 Be7 8. Bb2
Bd7 9. Bd3 a6 10. Qe2 Nc6 11. Nbd2 a5 12. O-O Nh6 13. Nb3 O-O 14. Nbd4 Kh8 15.
Nxc6 Bxc6 16. Nd4 Bd7 17. Bc1 Ng8 18. Qh5 g6 19. Qe2 Rfc8 20. Bb2 Bf8 21. h4
Qd8 22. h5 Bg7 23. Rae1 Qg5 24. hxg6 fxg6 25. Bc1 Qe7 26. Qg4 Bh6 27. f4 Qf7
28. Qh4 Bg7 29. Nf3 Qe7 30. Ng5 Bh6 31. Bd2 Bxg5 32. fxg5 Qg7 33. Re3 Rf8 34.
Rf6 Nxf6 35. gxf6 Qf7 36. Rg3 Rg8 37. Bh6 Be8 38. Kh2 Rc8 39. Qd4 Qc7 40. Qf4
Qf7 41. Qd4 Qc7 42. Qf2 Bf7 43. Qf4 Be8 44. Qg5 Qf7 45. Qd2 Qc7 46. Rf3 Bf7 47.
Qg5 Qd7 48. Rh3 Qe8 49. Bg7+ Rxg7 50. fxg7+ Kxg7 51. Qh6+ Kg8 52. Qxh7+ Kf8 53.
Qh8+ Ke7 54. Qf6+ Kd7 55. Rh7 1-0

[Event "OL-NORD WEST 1617 Union Oldenburg - Han"]
[Site "?"]
[Date "2016.10.16"]
[Round "1.6"]
[White "Schuette, Marc"]
[Black "Phunhon Lopez, Daniel Alejandr"]
[Result "1-0"]
[WhiteElo "2092"]
[BlackElo "1872"]
[PlyCount "113"]
[EventDate "2016.??.??"]

1. e4 e6 2. d4 d5 3. Nd2 h6 4. e5 c5 5. c3 Nc6 6. Ngf3 Qb6 7. Nb3 c4 8. Nbd2
Nge7 9. Bxc4 dxc4 10. Nxc4 Qa6 11. Nd6+ Kd7 12. Nxf7 Rg8 13. Nd6 Nd5 14. Ne4
Kc7 15. b3 Bd7 16. c4 Nb6 17. O-O Re8 18. Bb2 Kb8 19. Nc5 Qa5 20. a4 Bc8 21.
Ba3 Nd7 22. b4 Nxb4 23. Bxb4 Qxb4 24. Na6+ bxa6 25. Rb1 Nb6 26. Rxb4 Bxb4 27.
a5 Bxa5 28. Qb3 Bb7 29. Ra1 Nxc4 30. Qxc4 Bb6 31. Nd2 Re7 32. Nb3 Rc8 33. Qb4
Rec7 34. Qd6 Ka8 35. Qxe6 Bxd4 36. Qxc8+ Bxc8 37. Nxd4 Re7 38. f4 Kb7 39. Kf2
Kb6 40. Ke3 g6 41. Rb1+ Kc7 42. Rc1+ Kd7 43. Rc6 Rg7 44. g4 Bb7 45. Rd6+ Ke8
46. f5 gxf5 47. gxf5 h5 48. Rh6 Rg4 49. e6 Bd5 50. Rxh5 Re4+ 51. Kd3 Re5 52.
Rh4 Ke7 53. Rf4 Kf6 54. h4 Re1 55. Nc2 Re5 56. Ne3 Ba2 57. Ng4+ 1-0

[Event "OL-NORD WEST 1617 Union Oldenburg - Han"]
[Site "?"]
[Date "2016.10.16"]
[Round "1.7"]
[White "Adibekian, Roubik"]
[Black "Buerckner, Hartmut"]
[Result "1/2-1/2"]
[WhiteElo "2220"]
[BlackElo "2141"]
[PlyCount "99"]
[EventDate "2016.??.??"]

1. d4 Nf6 2. Nf3 e6 3. Bg5 d5 4. Nbd2 Be7 5. c3 O-O 6. e3 Nbd7 7. Bd3 c5 8. O-O
a6 9. Qe2 Re8 10. e4 dxe4 11. Nxe4 Nxe4 12. Bxe7 Qxe7 13. Qxe4 Nf6 14. Qh4 Bd7
15. Rfe1 cxd4 16. cxd4 Bc6 17. Ne5 Qd6 18. Re3 h6 19. Rg3 Kf8 20. Rxg7 Kxg7 21.
Qg3+ Ng4 22. Qxg4+ Kf8 23. Qf4 Ke7 24. Qxf7+ Kd8 25. Qf4 Kc7 26. Rc1 Rad8 27.
Qd2 Qxd4 28. Nxc6 bxc6 29. Qa5+ Qb6 30. Qe5+ Rd6 31. Be4 Kd7 32. h3 Re7 33. g3
Rf7 34. Rc2 Qb5 35. Qc3 e5 36. a4 Qxa4 37. Qxe5 Qb5 38. Qc3 Rff6 39. Bf3 Kc7
40. Kg2 Rfe6 41. Qg7+ Kb6 42. Qf8 Ka7 43. Re2 Rxe2 44. Qxd6 Rxb2 45. h4 a5 46.
Qc7+ Ka6 47. Qc8+ Ka7 48. Qc7+ Ka6 49. Qc8+ Ka7 50. Qc7+ 1/2-1/2

[Event "OL-NORD WEST 1617 Union Oldenburg - Han"]
[Site "?"]
[Date "2016.10.16"]
[Round "1.8"]
[White "Wagner, Jan"]
[Black "Hilburt, Leonid"]
[Result "1-0"]
[WhiteElo "2119"]
[BlackElo "2106"]
[PlyCount "67"]
[EventDate "2016.??.??"]

1. Nf3 d5 2. g3 c5 3. Bg2 Nc6 4. O-O e5 5. d3 Nf6 6. Nbd2 Bd6 7. e4 d4 8. Nc4
Bc7 9. a4 Be6 10. Nh4 Qd7 11. f4 Bxc4 12. dxc4 O-O-O 13. Ra3 Kb8 14. Bd2 Ne8
15. a5 a6 16. Qe2 f6 17. Nf3 Nd6 18. fxe5 Nxe5 19. Nxe5 fxe5 20. Raf3 Qa4 21.
b3 Qa2 22. Rc1 Bxa5 23. Rff1 d3 24. Qe1 Bxd2 25. Qxd2 dxc2 26. Qc3 Qa3 27. Rxc2
Qb4 28. Qxe5 Qxb3 29. Rb2 Qe3+ 30. Kh1 Qd4 31. Qxd4 cxd4 32. e5 Nxc4 33. Rxb7+
Kc8 34. Rc1 1-0

[Event "OL-NORD WEST 1617 Post VSV Uelzen - Han"]
[Site "?"]
[Date "2016.11.20"]
[Round "2.1"]
[White "Bangiev, Alexander"]
[Black "Laubsch, Bernd"]
[Result "1-0"]
[WhiteElo "2390"]
[BlackElo "2292"]
[PlyCount "71"]
[EventDate "2016.??.??"]

1. e4 c5 2. Nf3 e6 3. d4 cxd4 4. Nxd4 Nf6 5. Nc3 d6 6. Be3 Nc6 7. Qf3 Qc7 8.
Qg3 e5 9. Nb3 a6 10. Be2 b5 11. O-O b4 12. Nd5 Nxd5 13. exd5 Ne7 14. c4 bxc3
15. Rac1 Nxd5 16. Bf3 Bb7 17. Bxd5 Bxd5 18. Rxc3 Qd7 19. Rfc1 Qe6 20. Qh4 f6
21. Qh5+ g6 22. Qh4 h5 23. Bd2 Be7 24. h3 Kf7 25. Qg3 Rhc8 26. Qe3 Rxc3 27.
Rxc3 Qf5 28. Qh6 Rg8 29. Rc7 Ke8 30. Qh7 Bd8 31. Ra7 Qc8 32. Bb4 Qe6 33. Na5
Be7 34. Nb7 Bxb7 35. Rxb7 Qf7 36. Rb8+ 1-0

[Event "OL-NORD WEST 1617 Post VSV Uelzen - Han"]
[Site "?"]
[Date "2016.11.20"]
[Round "2.2"]
[White "Wiegmann, Sascha"]
[Black "Piepho, Niels"]
[Result "1-0"]
[WhiteElo "2272"]
[BlackElo "2235"]
[PlyCount "77"]
[EventDate "2016.??.??"]

1. Nf3 g6 2. e4 Bg7 3. g3 d5 4. exd5 Qxd5 5. Nc3 Qh5 6. h3 Nf6 7. Bg2 O-O 8. d3
Nc6 9. Bf4 Nd5 10. Bd2 Nxc3 11. Bxc3 Bxc3+ 12. bxc3 e5 13. Nd2 Qxd1+ 14. Rxd1
Be6 15. Rb1 Rab8 16. Bxc6 bxc6 17. Ke2 Rb6 18. c4 Rfb8 19. Rb3 Kf8 20. h4 Ke7
21. Rhb1 f6 22. c5 Rxb3 23. axb3 Rb5 24. Ra1 Rb7 25. Ra6 Bd7 26. Nc4 Rb5 27.
Rxa7 Rxc5 28. Rxc7 Rb5 29. Ra7 Rb8 30. Nd2 f5 31. Nc4 Rb5 32. Nd2 h6 33. c4 Rb8
34. Nf3 Ke6 35. Nxe5 Kxe5 36. Rxd7 f4 37. gxf4+ Kxf4 38. Rd6 Rxb3 39. Rf6+ 1-0

[Event "OL-NORD WEST 1617 Post VSV Uelzen - Han"]
[Site "?"]
[Date "2016.11.20"]
[Round "2.3"]
[White "Lick, Patrick"]
[Black "Gomolla, Peter"]
[Result "0-1"]
[WhiteElo "2202"]
[BlackElo "2193"]
[PlyCount "114"]
[EventDate "2016.??.??"]

1. d4 Nf6 2. Nf3 e6 3. e3 b6 4. Bd3 Bb7 5. Nbd2 d5 6. O-O Be7 7. Ne5 O-O 8. f4
Ne4 9. b3 f6 10. Ng4 f5 11. Ne5 Nd7 12. Ndf3 Ndf6 13. Bb2 Rc8 14. Ng5 Nxg5 15.
fxg5 Nd7 16. g6 Nxe5 17. gxh7+ Kxh7 18. dxe5 Bg5 19. Qh5+ Bh6 20. Rac1 c5 21.
Qe2 c4 22. bxc4 dxc4 23. Bxc4 Bxe3+ 24. Kh1 Rxc4 25. Qxc4 Qg5 26. Qe2 f4 27.
Rf3 Bxf3 28. Qxf3 Qf5 29. Rd1 Rc8 30. c3 Rc5 31. Ba1 Ra5 32. Qe2 Rxe5 33. c4
Bd4 34. Qf3 Bxa1 35. Rxa1 Re4 36. Rc1 Rxc4 37. Re1 Rc2 38. a3 e5 39. g4 Qf6 40.
Qe4+ Qg6 41. Qf3 Qc6 42. Qxc6 Rxc6 43. Rxe5 Rc3 44. a4 f3 45. Kg1 Rc4 46. a5
Rxg4+ 47. Kf2 Rg2+ 48. Kxf3 Rxh2 49. axb6 axb6 50. Rb5 Rh6 51. Kf4 Rc6 52. Kf3
Kg6 53. Kg4 Rf6 54. Kh4 Kf7 55. Re5 Re6 56. Rg5 g6 57. Rb5 Ke7 0-1

[Event "OL-NORD WEST 1617 Post VSV Uelzen - Han"]
[Site "?"]
[Date "2016.11.20"]
[Round "2.4"]
[White "Mittelstaedt, Hendrik"]
[Black "Helmer, Christoph"]
[Result "1-0"]
[WhiteElo "2062"]
[BlackElo "2127"]
[PlyCount "79"]
[EventDate "2016.??.??"]

1. d4 d5 2. Nc3 Nf6 3. Bf4 c6 4. e3 Bf5 5. f3 h5 6. Bd3 Bxd3 7. Qxd3 e6 8. Nge2
Bd6 9. O-O-O Bxf4 10. Nxf4 Qc7 11. Qd2 Nbd7 12. e4 dxe4 13. fxe4 e5 14. dxe5
Nxe5 15. h3 Rd8 16. Qf2 Rxd1+ 17. Rxd1 Nc4 18. Nd3 Qb6 19. Qf5 Qe3+ 20. Kb1 O-O
21. e5 Nd5 22. Nxd5 cxd5 23. Qxh5 Re8 24. Re1 Qd2 25. Rf1 Re7 26. g4 Qg2 27.
Re1 Rc7 28. Rc1 Nd2+ 29. Ka1 Ne4 30. e6 g5 31. exf7+ Rxf7 32. Qg6+ Kf8 33. Qe6
Rf1 34. Qc8+ Kg7 35. Qxb7+ Kh6 36. Qa6+ Kh7 37. Qxa7+ Kh6 38. Qe3 Rf3 39. Qb6+
Rf6 40. Qd4 1-0

[Event "OL-NORD WEST 1617 Post VSV Uelzen - Han"]
[Site "?"]
[Date "2016.11.20"]
[Round "2.5"]
[White "Ljubarskij, Juri"]
[Black "Schulze, Ingo"]
[Result "1-0"]
[WhiteElo "2202"]
[BlackElo "2037"]
[PlyCount "101"]
[EventDate "2016.??.??"]

1. e4 c6 2. d4 d5 3. exd5 cxd5 4. c4 Nc6 5. Nc3 Nf6 6. Be3 g6 7. Nf3 Bg7 8. h3
O-O 9. Be2 Bf5 10. O-O Rc8 11. c5 Ne4 12. Qb3 Na5 13. Qb4 b6 14. cxb6 axb6 15.
Ba6 Ra8 16. Bb5 e6 17. Nxe4 dxe4 18. Nd2 h5 19. Rac1 Qd5 20. Be2 Nc6 21. Rxc6
Qxc6 22. g4 hxg4 23. hxg4 Bxg4 24. Bxg4 Rxa2 25. Bd1 Rfa8 26. f3 R8a5 27. fxe4
Bf8 28. Qb3 Ra1 29. Nc4 Rb5 30. Qd3 Qd7 31. Qe2 Bg7 32. e5 Rb4 33. Nd6 Qd8 34.
Qd2 Qh4 35. Bf2 Rxd1 36. Qxd1 Qg5+ 37. Kh2 Rxb2 38. Qf3 Bxe5+ 39. dxe5 Qxe5+
40. Qg3 Qe2 41. Kg1 Rb4 42. Nxf7 Qh5 43. Be1 Rc4 44. Bc3 Qc5+ 45. Kh1 Qh5+ 46.
Kg1 Qc5+ 47. Rf2 Rxc3 48. Qb8+ Qc8 49. Nh6+ Kh7 50. Qf4 g5 51. Qh2 1-0

[Event "OL-NORD WEST 1617 Post VSV Uelzen - Han"]
[Site "?"]
[Date "2016.11.20"]
[Round "2.6"]
[White "von Estorff, Jacob"]
[Black "Meier-Hoffmann, Daniel"]
[Result "1-0"]
[WhiteElo "1893"]
[BlackElo "1983"]
[PlyCount "69"]
[EventDate "2016.??.??"]

1. e4 e6 2. d4 d5 3. Nd2 Nf6 4. e5 Nfd7 5. f4 c5 6. c3 Nc6 7. Ndf3 Be7 8. Bd3
cxd4 9. cxd4 Qb6 10. Ne2 f6 11. exf6 Bxf6 12. O-O Nxd4 13. Nexd4 Bxd4+ 14. Nxd4
Qxd4+ 15. Kh1 Qf6 16. Bd2 O-O 17. Bc3 Qf7 18. Be5 Nf6 19. Rc1 Ne8 20. Qb3 b6
21. Bb5 Bd7 22. Rc3 Rc8 23. Rxc8 Bxc8 24. Bxe8 Qxe8 25. Rc1 Qg6 26. h3 Ba6 27.
Qa3 Bd3 28. Rc7 Be4 29. Rxg7+ Qxg7 30. Bxg7 Kxg7 31. Qxa7+ Rf7 32. Qxb6 Rxf4
33. Qxe6 Rf2 34. a4 Rxg2 35. Qxe4 1-0

[Event "OL-NORD WEST 1617 Post VSV Uelzen - Han"]
[Site "?"]
[Date "2016.11.20"]
[Round "2.7"]
[White "Phunhon Lopez, Daniel Alejandr"]
[Black "Untiedt, Jan Niklas"]
[Result "1/2-1/2"]
[WhiteElo "1911"]
[BlackElo "1893"]
[PlyCount "88"]
[EventDate "2016.??.??"]

1. e4 e5 2. Nc3 Nf6 3. Nf3 Bb4 4. Nxe5 O-O 5. Be2 Re8 6. Nf3 Nxe4 7. Nxe4 Rxe4
8. c3 Ba5 9. d3 Re8 10. Bg5 f6 11. Be3 d5 12. O-O c6 13. d4 Bg4 14. h3 Bh5 15.
Nh4 Bxe2 16. Qxe2 Nd7 17. Qg4 Re4 18. Qh5 Bc7 19. Rfe1 Qe8 20. Qxe8+ Raxe8 21.
Nf3 Kf7 22. Kf1 Nf8 23. Bd2 Ng6 24. g3 Nf8 25. Rxe4 Rxe4 26. Re1 Rxe1+ 27. Nxe1
Ne6 28. Nd3 Bd6 29. h4 g6 30. Ke2 Ke7 31. Kf3 Kf7 32. Be3 Ke7 33. Nf4 Nxf4 34.
Bxf4 Bxf4 35. Kxf4 Ke6 36. g4 a5 37. b3 b6 38. b4 g5+ 39. Kg3 Kd6 40. bxa5 bxa5
41. hxg5 fxg5 42. Kf3 c5 43. Ke3 c4 44. f4 Ke7 1/2-1/2

[Event "OL-NORD WEST 1617 Post VSV Uelzen - Han"]
[Site "?"]
[Date "2016.11.20"]
[Round "2.8"]
[White "Cohrs, Joerg-Artur"]
[Black "Kiselev, Alexander"]
[Result "0-1"]
[WhiteElo "1954"]
[BlackElo "2108"]
[PlyCount "56"]
[EventDate "2016.??.??"]

1. e4 d5 2. exd5 Qxd5 3. Nc3 Qa5 4. Nf3 Nf6 5. Bc4 Nc6 6. Qe2 a6 7. d4 Bg4 8.
Be3 Ne4 9. O-O Nxc3 10. bxc3 Qh5 11. Rab1 Na5 12. Bd3 Bxf3 13. gxf3 e6 14. Bf4
Bd6 15. Bxd6 cxd6 16. c4 Rc8 17. d5 Kd7 18. Rfe1 Rhe8 19. Qd2 Rc5 20. Qf4 Kc7
21. Rb4 h6 22. Qg3 g5 23. Re4 f5 24. Rxe6 Rxe6 25. dxe6 Nc6 26. Rxb7+ Kxb7 27.
Qxd6 Kb6 28. Bxf5 Rxf5 0-1

[Event "OL-NORD WEST 1617 Nordhorn Blanke - Uni"]
[Site "?"]
[Date "2016.11.20"]
[Round "2.1"]
[White "Bredemeier, Dirk"]
[Black "Kollen, Zyon"]
[Result "1/2-1/2"]
[WhiteElo "2287"]
[BlackElo "2307"]
[PlyCount "25"]
[EventDate "2016.??.??"]

1. d4 e6 2. Nf3 Nf6 3. e3 b6 4. Bd3 Bb7 5. O-O Be7 6. c4 c5 7. Nc3 cxd4 8. exd4
d5 9. cxd5 Nxd5 10. Nxd5 Bxd5 11. Ne5 O-O 12. Qh5 f5 13. Qe2 {(=)} 1/2-1/2

[Event "OL-NORD WEST 1617 Nordhorn Blanke - Uni"]
[Site "?"]
[Date "2016.11.20"]
[Round "2.2"]
[White "Bertholee, Rob"]
[Black "Meessen, Max"]
[Result "1/2-1/2"]
[WhiteElo "2331"]
[BlackElo "2231"]
[PlyCount "82"]
[EventDate "2016.??.??"]

1. e4 c5 2. Nc3 e6 3. Nf3 d6 4. g4 Nc6 5. Bg2 Nge7 6. d3 Ng6 7. h4 Be7 8. g5
Bd7 9. Be3 Qa5 10. Nd2 Nd4 11. a4 Ne5 12. f4 Nec6 13. Nc4 Qa6 14. O-O Nb4 15.
Rf2 Bc6 16. f5 exf5 17. Nd5 Bxd5 18. exd5 Nbxc2 19. Rxc2 Nxc2 20. Qxc2 b5 21.
Nd2 O-O 22. d4 bxa4 23. Qxf5 Qe2 24. Qf2 Qxf2+ 25. Bxf2 cxd4 26. Bxd4 f6 27.
Nf3 fxg5 28. hxg5 Rf5 29. Be3 Rb8 30. Nd4 Rf7 31. Bh3 Kh8 32. Be6 Rff8 33. Nf5
Rb7 34. Rxa4 Bd8 35. Nxd6 Re7 36. Bxa7 Rxa7 37. Rxa7 Bb6+ 38. Kg2 Bxa7 39. Nf7+
Kg8 40. Ne5+ Kh8 41. Nf7+ Kg8 {(=)} 1/2-1/2

[Event "OL-NORD WEST 1617 Nordhorn Blanke - Uni"]
[Site "?"]
[Date "2016.11.20"]
[Round "2.4"]
[White "Oehne, Timo"]
[Black "Wittje, Berthold"]
[Result "1-0"]
[WhiteElo "2140"]
[BlackElo "2228"]
[PlyCount "73"]
[EventDate "2016.??.??"]

1. Nf3 Nf6 2. g3 e6 3. Bg2 Be7 4. O-O O-O 5. c4 d5 6. Qc2 c5 7. cxd5 Nxd5 8.
Nc3 Nc6 9. a3 b6 10. b4 Bb7 11. bxc5 Bxc5 12. Ne4 Be7 13. d4 Rc8 14. Qd3 Nf6
15. Rd1 Nxe4 16. Qxe4 Na5 17. Qg4 Qd5 18. Bh6 Bf6 19. Nh4 Qc4 20. Bxb7 Nxb7 21.
Ng2 Rfd8 22. e3 Nd6 23. Nf4 Nf5 24. Bg5 Bxg5 25. Qxg5 Qc2 26. d5 e5 27. Rdc1
Qxc1+ 28. Rxc1 Rxc1+ 29. Kg2 Nxe3+ 30. fxe3 f6 31. Qf5 exf4 32. gxf4 Re8 33. d6
Rd1 34. Qd7 Rxe3 35. Qc8+ Kf7 36. d7 Rd2+ 37. Kf1 1-0

[Event "OL-NORD WEST 1617 Nordhorn Blanke - Uni"]
[Site "?"]
[Date "2016.11.20"]
[Round "2.5"]
[White "Schuette, Marc"]
[Black "Baisakow, Alexander"]
[Result "1-0"]
[WhiteElo "2104"]
[BlackElo "2156"]
[PlyCount "71"]
[EventDate "2016.??.??"]

1. e4 c5 2. c3 Nf6 3. e5 Nd5 4. Bc4 Nb6 5. Bb3 d6 6. Nf3 g6 7. d4 cxd4 8. Qxd4
Bg7 9. Qf4 O-O 10. Ng5 d5 11. Qh4 h6 12. Nf3 e6 13. Qh3 Kh7 14. Ng5+ Kg8 15.
Nf3 Kh7 16. Bg5 Qc7 17. O-O Nc6 18. Bf4 Nd7 19. Na3 Ncxe5 20. Nxe5 Nxe5 21.
Rfe1 f6 22. c4 Qf7 23. Rad1 Rd8 24. Qc3 Nc6 25. cxd5 exd5 26. Nb5 Bf5 27. h3 g5
28. Bc7 Bg6 29. Bxd8 Rxd8 30. Qd2 f5 31. Bxd5 Qd7 32. Bg8+ Kxg8 33. Qxd7 Rxd7
34. Rxd7 Bxb2 35. Rxb7 f4 36. Nxa7 1-0

[Event "OL-NORD WEST 1617 Nordhorn Blanke - Uni"]
[Site "?"]
[Date "2016.11.20"]
[Round "2.6"]
[White "Bierenbroodspot, Paul"]
[Black "Buerckner, Hartmut"]
[Result "0-1"]
[WhiteElo "2092"]
[BlackElo "2141"]
[PlyCount "68"]
[EventDate "2016.??.??"]

1. e4 c5 2. Nf3 d6 3. d4 cxd4 4. Qxd4 Nc6 5. Bb5 Bd7 6. Bxc6 Bxc6 7. Nc3 Nf6 8.
Bg5 e6 9. O-O-O Be7 10. Rhe1 O-O 11. e5 dxe5 12. Qh4 Qc7 13. Nxe5 Rfd8 14. Ng4
Nxg4 15. Bxe7 Rxd1+ 16. Rxd1 Nh6 17. Bd6 Nf5 18. Bxc7 Nxh4 19. g3 Nf3 20. h4 f6
21. b4 Rc8 22. Bf4 a6 23. a4 b5 24. a5 Kf7 25. Kb2 g5 26. hxg5 fxg5 27. Be3 h5
28. Ne2 h4 29. gxh4 gxh4 30. Nf4 Ne5 31. Re1 Nc4+ 32. Kc1 e5 33. Nh3 Bg2 34.
Ng5+ Kf6 0-1